[Event "Novokuznetsk SFO-ch U15"]
[Site "Novokuznetsk"]
[Date "2014.11.08"]
[Round "7"]
[White "Golenkov, Alexey"]
[Black "Oorzhak, Chayan"]
[Result "1-0"]
[WhiteElo "700"]
[BlackElo "700"]
[PlyCount "91"]
[EventDate "2014.11.02"]
[EventType "swiss"]
[EventRounds "9"]
[EventCountry "RUS"]
[SourceTitle "CBM 163 Extra"]
[Source "ChessBase"]
[SourceDate "2014.12.23"]
[SourceVersion "1"]
[SourceVersionDate "2014.12.23"]
[SourceQuality "1"]

1. e4 e5 2. Nf3 d6 3. Nc3 g6 4. Bc4 Bg7 5. d3 Nf6 6. Bg5 0-0 7. Nd5 c6 8. Nxf6+ Bxf6 9. Bh6 Bg7 10. Qd2 a5 11. 0-0 b5 12. Bxg7 Kxg7 13. Bxf7 Rxf7 14. Ng5 Rf8 15. Nf3 Bg4 16. Ne1 Qh4 17. d4 Qh6 18. Qc3 Nd7 19. f3 Be6 20. Qxc6 Qe3+ 21. Rf2 Qxd4 22. Nd3 Nc5 23. Qxb5 Bc4 24. Qc6 Nxd3 25. cxd3 Bxd3 26. Rd1 Qc4 27. Qxd6 Rad8 28. Qxe5+ Kg8 29. Rfd2 Rd4 30. Qxa5 Rfd8 31. b3 Qe6 32. Qc5 Qf6 33. Qc3 Qb6 34. Kh1 Qd6 35. a4 h5 36. a5 g5 37. a6 Qxa6 38. h3 Qd6 39. e5 Qd5 40. e6 Kf8 41. b4 Ke7 42. Qc7+ Kxe6 43. Re1+ Kf6 44. Qe7+ Kg6 45. Re6+ Kf5 46. Qf6# 1-0

[Event "Novokuznetsk SFO-ch U15"]
[Site "Novokuznetsk"]
[Date "2014.11.07"]
[Round "6"]
[White "Oorzhak, Chayan"]
[Black "Filyanin, Yury"]
[Result "0-1"]
[WhiteElo "700"]
[BlackElo "800"]
[PlyCount "118"]
[EventDate "2014.11.02"]
[EventType "swiss"]
[EventRounds "9"]
[EventCountry "RUS"]
[SourceTitle "CBM 163 Extra"]
[Source "ChessBase"]
[SourceDate "2014.12.23"]
[SourceVersion "1"]
[SourceVersionDate "2014.12.23"]
[SourceQuality "1"]

1. e4 e5 2. Nf3 Nc6 3. Bc4 Nf6 4. Ng5 d5 5. exd5 Na5 6. Qe2 Nxc4 7. Qxc4 Nxd5 8. Nc3 Qxg5 9. Qxd5 Bd6 10. d4 Qf6 11. Ne4 Qe6 12. Nxd6+ cxd6 13. Qxe6+ Bxe6 14. dxe5 dxe5 15. f4 e4 16. Be3 b6 17. 0-0-0 Ke7 18. Rhe1 f5 19. g3 h6 20. Bd4 Rhg8 21. Be5 Rac8 22. Kb1 g5 23. fxg5 hxg5 24. Re2 Rc5 25. Bd6+ Kf6 26. Bxc5 bxc5 27. Rf2 Ke5 28. Rfd2 Rh8 29. c3 f4 30. gxf4+ gxf4 31. b4 cxb4 32. cxb4 e3 33. Re1 Ke4 34. Rc2 Bf5 35. Rc7 Kf3+ 36. Kc1 Kf2 37. Rf7 Kxe1 38. Rxf5 Rxh2 39. Rxf4 Rxa2 40. Rf7 Ra4 41. b5 Rc4+ 42. Kb2 Rb4+ 43. Kc3 Rxb5 44. Rxa7 Re5 45. Kd3 e2 46. Kd4 Re8 47. Ra1+ Kf2 48. Ra2 Kf1 49. Ra1+ e1Q 50. Rxe1+ Kxe1 51. Kd3 Kf2 52. Kd4 Kf3 53. Kd5 Kf4 54. Kd6 Kf5 55. Kd7 Re2 56. Kd8 Kf6 57. Kd7 Re1 58. Kd8 Kf7 59. Kd7 Rd1+ 0-1